000 00854nam a2200217 i 4500
001 32379
003 ES-MaACL
005 20230906154549.0
007 t|
008 030131s1936 sp ||||1| spa d
100 1 _aBenito Martínez, José.
_927684
245 1 3 _aLa grafiosis del olmo y la demostración de su existencia en España /
_cpor José Benito Martínez.
260 _aMadrid :
_bInstituto Forestal de Invesitagaciones y Experiencias,
_c1936.
300 _a29 p., [7] h. lám. ;
_c24 cm.
490 1 _aInstituto Forestal de Investigaciones y Experiencias ;
_vAño IX, nº 15
650 4 _aGrafiosis-
_zEspaña .
_9167258
830 0 _aInstituto Forestal de Investigaciones y Experiencias ;
_vAño IX, nº 15
_9181435
852 _aES-MaACL
_j1824-F-21
_bR.17050
852 _aES-MaACL
_jP-569-Bis-5
999 _c32379
_d32379